| 000 | 00338nam a2200133Ia 4500 | ||
|---|---|---|---|
| 008 | 220204s9999 xx 000 0 und d | ||
| 082 |
_a658.3 _bPAR |
||
| 100 | _aParkinson, C Northcote | ||
| 245 | 0 | _aHow to get to the top | |
| 260 |
_aDelhi _bMacmillan _c1974 |
||
| 650 | _aPersonnel management | ||
| 700 | _aRustomji, M K | ||
| 942 | _cBK | ||
| 999 |
_c24408 _d24408 |
||